| 000 | 00721nam a22002057a 4500 | ||
|---|---|---|---|
| 999 |
_c16006 _d16006 |
||
| 003 | AR-CdUCM | ||
| 008 | 190430b ||||| |||| 00| 0 spa d | ||
| 040 |
_aMUNICIPALIDAD PROVINCIAL DEL CUSCO _cBIBLIOTECA MUNICIPAL DEL CUSCO |
||
| 082 |
_24ed. _a869.203 / _bG25 |
||
| 100 |
_aGarra, Lobodón _935270 |
||
| 245 |
_aLa tierra maldita : _bRelatos bravios de la patagonia salvaje y de los australes / |
||
| 260 |
_aBuenos Aires : _bAnaconda, _c1933. |
||
| 300 |
_a203 páginas ; _c19 cm. |
||
| 505 | _aContenido : La batalla -- El raque -- El palo vivo -- Las brumas del terror ... | ||
| 650 |
_aLiteratura _983 |
||
| 650 |
_aMexicana _913614 |
||
| 650 |
_aSiglo XX _98 |
||
| 942 |
_2ddc _cLIBROS |
||
| 945 |
_arah _d30/04/2019 |
||